Rice almanac / (Record no. 14888)
[ view plain ]
| 000 -LEADER | |
|---|---|
| fixed length control field | 00487cam a22001697a 4500 |
| 020 ## - INTERNATIONAL STANDARD BOOK NUMBER | |
| ISBN | 9712200922 |
| 040 ## - CATALOGING SOURCE | |
| Transcribing agency | AGL |
| 082 00 - DEWEY DECIMAL CLASSIFICATION NUMBER | |
| Classification number | 633 IRR 1997 A053 Or. |
| 245 00 - TITLE STATEMENT | |
| Title | Rice almanac / |
| 250 ## - EDITION STATEMENT | |
| Edition statement | 2nd ed. |
| 260 ## - PUBLICATION, DISTRIBUTION, ETC. (IMPRINT) | |
| Place of publication | Los Baños, Philippines : |
| Name of publisher | IRRI ; |
| Place of publication | Cali, Colombia : |
| Name of publisher | CIAT ; |
| Place of publication | Bouaké, Côte d'lvoire : |
| Name of publisher | West Africa Rice Development Association, |
| Year of publication | 1997. |
| 300 ## - PHYSICAL DESCRIPTION | |
| Number of Pages | 181 p. : |
| Other physical details | ill., maps ; |
| Dimensions | 26 cm. |
| 650 #0 - SUBJECT ADDED ENTRY--TOPICAL TERM | |
| Topical Term | Rice. |
| 650 #0 - SUBJECT ADDED ENTRY--TOPICAL TERM | |
| Topical Term | Rice |
| 700 1# - ADDED ENTRY--PERSONAL NAME | |
| Personal name | Maclean, J. L |
| 942 ## - ADDED ENTRY ELEMENTS (KOHA) | |
| Koha item type | សៀវភៅភាសាអង់គ្លេស |
| 952 ## - LOCATION AND ITEM INFORMATION (KOHA) | |
| Withdrawn status [LOCAL, KOHA] | 0 |
| Permanent Location | Date acquired | Koha item type | Lost status | Shelving location | Barcode | Current Location | Full call number |
|---|---|---|---|---|---|---|---|
| Library Block A | 2017-10-31 | សៀវភៅភាសាអង់គ្លេស | A053 | A22640 | Library Block A | 633 IRR 1997 A053 Or. |